000 00447nam a2200193Ia 4500
005 20240823060005.0
008 240823s9999||||xx |||||||||||||| ||und||
041 _aENGLISH
082 _A519.5 K5
100 _aKenney J F
245 0 _aMathematics of Statistics
250 _a1st
260 _c1965
_bVan Nostrand East west
500 _aYES
650 _aStatics
_bMathematics
700 _aKeeping E S
942 _cBK
999 _c230082
_d230082